01409naa#a2200217#i#4500001001600000005001700016011001400033100004100047102000700088200029900095210011800394215001000512608004500522675024400567686012900811700005600940700007200996700005201068700005601120856001501176RU\\bibl\11714020260501211031.5##a2782-5957##a20260330b2026####ek#y0rusy0150####ca##aRU1#aПОВЫШЕНИЕ ЭНЕРГЕТИЧЕСКОЙ ЭФФЕКТИВНОСТИ ТЕПЛОСИЛОВЫХ УСТАНОВОК НА ОСНОВЕ ЭКСЕРГЕТИЧЕСКОГО АНАЛИЗА И ОПТИМИЗАЦИИ СИСТЕМ УТИЛИЗАЦИИ ТЕПЛОТЫeЖурнальная статья1#aБрянскcБрянский государственный технический университетd2026##a8 с.##aЖурнальная статья2local##aТепловые двигатели в целом. Получение, распределение и использование пара. Паровые машины. Паровые котлы. 621.1aОбщая энергетика. 620.9##aТехнология производства оборудования отраслевого назначения. 3472bbk#1aБрянцевgМаксим Анатольевич#1aДанилейченкоgАлександр Анатольевич#1aДоценкоgДанил Михайлович#1aКовтунgАлександр Сергеевич4#anaukaru.ru